Čítanka světové literatury : Učební text pro učňovské školy obor prodavač knih a jako pomocná kniha pro ostatní školy 2. cyklu. 2. [díl] / Vlastislav Hnízdo ; [Z růz. jazyků přel. kol.]
Record details
- Physical Description: 558, [1] s. ; 8°
- Edition: 1. vyd.
- Publisher: Praha : SPN, 1970
Content descriptions
| General Note: | Pozn. o spisovatelích Vysvětl. Vazba: Dana Sušanková 20000 výt. |
Search for related items by series
Available copies
- 1 of 1 copy available at Common Catalog SPOK.
Holds
- 0 current holds with 1 total copy.
Show All Copies
| Location | Call Number / Copy Notes | Barcode | Shelving Location | Status | Due Date |
|---|---|---|---|---|---|
| KDS Library | 80 HnV | 204576802909 | Library | Available | - |
| LDR | 01111nam a22003011a 4500 | ||
|---|---|---|---|
| 001 | 22336 | ||
| 003 | CZ-PrJAB | ||
| 005 | 20200227145312.0 | ||
| 008 | 970808s1970 xr ||| | cze | ||
| 015 | . | ‡acnb000452831 | |
| 035 | . | ‡a(CZ PrNK)bk197003735 | |
| 035 | . | ‡a(OCoLC)42102732 | |
| 040 | . | ‡aABA001 ‡bcze ‡cULG001 ‡dABA001 | |
| 041 | 1 | . | ‡acze ‡hmul |
| 080 | . | ‡a82-822(075.3) ‡2undef | |
| 100 | 1 | . | ‡aHnízdo, Vlastislav, ‡d1934- ‡7jk01041409 ‡4aut |
| 245 | 1 | 0. | ‡aČítanka světové literatury : ‡bUčební text pro učňovské školy obor prodavač knih a jako pomocná kniha pro ostatní školy 2. cyklu. ‡n2. [díl] / ‡cVlastislav Hnízdo ; [Z růz. jazyků přel. kol.] |
| 250 | . | ‡a1. vyd. | |
| 260 | . | ‡aPraha : ‡bSPN, ‡c1970 ‡e(Brno : ‡fTisk 2) | |
| 300 | . | ‡a558, [1] s. ; ‡c8° | |
| 490 | 1 | . | ‡aUčebnice pro odb. učiliště a učňovské školy |
| 500 | . | ‡aPozn. o spisovatelích | |
| 500 | . | ‡aVysvětl. | |
| 500 | . | ‡aVazba: Dana Sušanková | |
| 500 | . | ‡a20000 výt. | |
| 830 | 0. | ‡aUčebnice pro odb. učiliště a učňovské školy | |
| 910 | . | ‡aABE463 | |
| 901 | . | ‡a22336 ‡bCZ-PrJAB ‡c22336 ‡tbiblio | |